In the lagoons of the Gangetic delta / (Record no. 41250)
[ view plain ]
| 000 -LEADER | |
|---|---|
| fixed length control field | 01298nam a22003017a 4500 |
| 005 - DATE AND TIME OF LATEST TRANSACTION | |
| control field | 20100812113359.0 |
| 010 ## - LCCN (DPL NO) | |
| LC control number | ENG-99831 |
| 020 ## - INTERNATIONAL STANDARD BOOK NUMBER | |
| International Standard Book Number | 9788183243438 |
| Terms of availability | 595.00 |
| 035 ## - SYSTEM CONTROL NUMBER | |
| System control number | EN-83363 |
| 037 ## - SOURCE OF ACQUISITION | |
| Source of stock number/acquisition | DBAD/PUB |
| 082 ## - DEWEY DECIMAL CLASSIFICATION NUMBER | |
| Classification number | 333.9516095414 |
| 245 ## - TITLE STATEMENT | |
| Title | In the lagoons of the Gangetic delta / |
| Statement of responsibility, etc | edited by Gautam Kuamr Bera [and] Vijoy S. Sahay |
| 260 ## - PUBLICATION, DISTRIBUTION, ETC. (IMPRINT) | |
| Place of publication, distribution, etc | New Delhi |
| Name of publisher, distributor, etc | Mittal Publications |
| Date of publication, distribution, etc | 2010 |
| 270 ## - ADDRESS | |
| City | New Delhi |
| Postal code | 110002 |
| Address | 4594/9,Daryaganj, |
| 300 ## - PHYSICAL DESCRIPTION | |
| Extent | xx,237p.: |
| Other physical details | ill.,map |
| Dimensions | 22cm (Hb) |
| 500 ## - GENERAL NOTE | |
| General note | Includes bibliographical references and index. |
| 520 ## - SUMMARY, ETC. | |
| Summary, etc | On the Sundarbans delta of West Bengal, India; contributed articles. |
| 650 ## - SUBJECT ADDED ENTRY--TOPICAL TERM | |
| Topical term or geographic name as entry element | Biosphere reserves |
| Geographic subdivision | India |
| -- | West Bengal. |
| 650 ## - SUBJECT ADDED ENTRY--TOPICAL TERM | |
| Topical term or geographic name as entry element | Human ecology |
| Geographic subdivision | India |
| -- | West Bengal. |
| 650 ## - SUBJECT ADDED ENTRY--TOPICAL TERM | |
| Topical term or geographic name as entry element | Human ecology |
| Geographic subdivision | India |
| -- | West Bengal. |
| 650 ## - SUBJECT ADDED ENTRY--TOPICAL TERM | |
| Topical term or geographic name as entry element | Tribes |
| General subdivision | Economic conditions. |
| Geographic subdivision | India |
| -- | West Bengal |
| 650 ## - SUBJECT ADDED ENTRY--TOPICAL TERM | |
| Topical term or geographic name as entry element | Fishers |
| General subdivision | Economic conditions. |
| Geographic subdivision | India |
| -- | West Bengal |
| 700 ## - ADDED ENTRY--PERSONAL NAME | |
| 9 (RLIN) | 10603 |
| Personal name | Bera, Gautam Kumar |
| 700 ## - ADDED ENTRY--PERSONAL NAME | |
| Personal name | Sahay, Vijoy S. |
| 9 (RLIN) | 11537 |
| 700 ## - ADDED ENTRY--PERSONAL NAME | |
| 9 (RLIN) | 10604 |
| 942 ## - ADDED ENTRY ELEMENTS (KOHA) | |
| Source of classification or shelving scheme | Dewey Decimal Classification |
| Item type | English Books |
| Classification part | 333.9516095414 |
| Call number suffix | INT |
| Withdrawn status | Lost status | Not for loan | Collection code | Home library | Current library | Date acquired | Source of acquisition | Cost, normal purchase price | Full call number | Barcode | Copy number | Cost, replacement price | Koha item type |
|---|---|---|---|---|---|---|---|---|---|---|---|---|---|
| Not For Loan | Non-fiction | D.B.Act.Division | D.B.Act.Division | 12/08/2010 | DBAD/PUB | 595.00 | 333.9516095414 INT | EN-83363 | 1 | 595.00 | English Books |
